AH International Schools' Libraries

That's not my train / (Record no. 48047)

MARC details
000 -LEADER
fixed length control field 00277nam a2200097 4500
020 ## - INTERNATIONAL STANDARD BOOK NUMBER
International Standard Book Number 9780746093467
245 ## - TITLE STATEMENT
Title That's not my train /
Statement of responsibility, etc Fiona Watt.
260 ## - PUBLICATION, DISTRIBUTION, ETC. (IMPRINT)
Place of publication, distribution, etc London:
Name of publisher, distributor, etc Usborne Publishing Limited;
Date of publication, distribution, etc 2021.
700 ## - ADDED ENTRY--PERSONAL NAME
Relator code Illustrator.
Personal name Rachel Wells.
9 (RLIN) 85834
942 ## - ADDED ENTRY ELEMENTS (KOHA)
Source of classification or shelving scheme
Koha item type Board Book
Holdings
Withdrawn status Lost status Source of classification or shelving scheme Damaged status Not for loan Collection code Home library Current library Date acquired Total Checkouts Total Renewals Full call number Barcode Checked out Date last seen Date checked out Price effective from Koha item type
          TEACHERS' RESOURCES Asian Hope Early Years Library Asian Hope Early Years Library 12/04/2024 3 1 BB E WAT 207074 04/06/2026 04/06/2026 04/06/2026 12/04/2024 Board Book

For any Logos Library related questions please contact Miss Art at swongnarasuk@asianhope.org.

For any Asian Hope Library related questions please contact Miss Raza at graza@asianhope.org.

Click here to explore our ebooks!

Powered by Koha